000 00374nam a2200145Ia 4500
008 240729s9999 xx 000 0 und d
022 _a2202-5677
245 0 _aSalus Journal
260 _aAustralia
260 _bCharles Sturt University
650 _aGeneral Works
856 _uhttps://doaj.org/toc/87a920561edb4b1187b006bdcb0b3a02
942 _2ddc
942 _cDOAJEJ
999 _c65995
_d65995
945 _a1
_bMadushi Gamage
_c1
_dMadushi Gamage